ბათუმის შოთა რუსთაველის სახელმწიფო უნივერსიტეტის ბიბლიოთეკა

წარმართობის კვალი ადრეული პერიოდის ჰაგიოგრაფიაში / (ბიბ.ჩანაწერი № 55441)

000 -ლიდერი
ფიქსირებული სიგრძის საკონტროლო ველი 01610nam a2200253Ia 4500
001 - საკონტროლო ნომერი
საკონტროლო ველი 22523
003 - საკონტროლო ნომრის იდენტიფიკატორი
საკონტროლო ველი GE_BSU
005 - ბოლო ოპერაციის თარიღი და დრო
საკონტროლო ველი 20221221161830.0
008 - ფიქსირებული სიგრძის მონაცემთა ელემენტები - ზოგადი ინფორმაცია
ფიქსირებული სიგრძის საკონტროლო ველი 181216s2018||||ge |||||||||||||| ||geo||
040 ## - კატალოგიზაციის წყარო
Transcribing agency GE_BSU
041 ## - ენის კოდი
Language code of text/sound track or separate title geo
080 ## - უნივერსალური ათობითი კლასიფიკაციის ინდექსი
Universal Decimal Classification number 82 გ-21
100 ## - მთავარი ჩანაწერი - პიროვნების სახელი
Personal name გარაყანიძე, ქეთევან
9 (RLIN) 11734
245 ## - ცნობა სათაურის შესახებ
Title წარმართობის კვალი ადრეული პერიოდის ჰაგიოგრაფიაში /
Statement of responsibility, etc გარაყანიძე, ქეთევან; სამეცნიერო ხელმძღვანელი რამაზ ხალვაში; ბათუმის შოთა რუსთაველის უნივერსიტეტი; ჰუმანიტარულ მეცნიერებათა ფაკულტეტი.;
264 ## - წარმოების, გამოცემის, დისტრიბუციის და სხვა ცნობები
გამოცემის, წარმოების, დისტრიბუციის... ადგილი ბათუმი,
გამოცემის, წარმოების, დისტრიბუციის... თარიღი 2018
300 ## - ფიზიკური აღწერა
Extent 114 გვ. ;
Other physical details 30 სმ.
504 ## - BIBLIOGRAPHY, ETC. NOTE
Bibliography, etc ბიბლიოგრ. გვ. 110-114.
653 ## - INDEX TERM--UNCONTROLLED
Uncontrolled term ფილოლოგია
653 ## - INDEX TERM--UNCONTROLLED
Uncontrolled term წარმართობის კვალი ადრეული პერიოდის ჰაგიოგრაფიაში
653 ## - INDEX TERM--UNCONTROLLED
Uncontrolled term დისერტაცია
700 ## - ADDED ENTRY--PERSONAL NAME
Personal name ხალვაში, რამაზ
Relator term სამეცნიერო ხლმძღვანელი
9 (RLIN) 2151
710 ## - ADDED ENTRY--CORPORATE NAME
Corporate name or jurisdiction name as entry element ბათუმის შოთა რუსთაველის უნივერსიტეტი;
Subordinate unit ჰუმანიტარულ მეცნიერებათა ფაკულტეტი
9 (RLIN) 16515
942 ## - ADDED ENTRY ELEMENTS (KOHA)
Koha item type დისერტაცია
Source of classification or shelving scheme
ეგზემპლარები
ჩამოწერის სტატუსი დაკარგული ეგზემპლარის სტატუსი კლასიფიკაციის წყარო ან თაროზე გაწყობის სქემა დაზიანების სტატუსი არ გაიცემა მუდმივი მდებარეობა (დაცვის ადგილი) ამჟამინდელი ადგილსამყოფელი თაროზე განთავსების ადგილი შეძენის თარიღი სრული შენახვის შიფრი შტრიხკოდი ბოლო ოპერაციის თარიღი ეგზემპლარის მიმდევრობითი ნომერი (კეტერი?) ფასის ძალაში შესვლის თარიღი ეგზემპლარის სახეობა
        შიდა ფონდი ბათუმის შოთა რუსთაველის სახელმწიფო უნივერსიტეტის მთავარი ბიბლიოთეკა ბათუმის შოთა რუსთაველის სახელმწიფო უნივერსიტეტის მთავარი ბიბლიოთეკა წიგნსაცავი 2018-12-17 82 გ-21 293 დისერტ 2018-12-17 293 2018-12-17 დისერტაცია